000 00297pam a2200121a 44500
008 230405s2022 xxu||||| |||| 00| 0 eng d
041 _aENG
100 _aDR.S B BHISE /M S BHISE
245 _aSOCIAL PHARMACY ( BHISE)
260 _aPUNE
_bNIRALI PRAKESHN
_c2022
300 _a15.2
906 _a2751
999 _c268190
_d268190